Actrices françaises par images (click quiz) - Statistiques

Statistiques générales
  • Ce quiz a été pris 1 307 fois
  • Le résultat moyen est 21 sur 36
Statistiques - réponses
Hint Réponse % Correct
Adèle Exarchopoulos
87%
Sophie Marceau
85%
Leïla Bekhti
85%
Marion Cotillard
85%
Audrey Fleurot
84%
Camille Cottin
81%
Marina Foïs
77%
Catherine Deneuve
77%
Josiane Balasko
74%
Valérie Lemercier
73%
Léa Seydoux
72%
Sandrine Kiberlain
65%
Isabelle Adjani
63%
Anémone
58%
Chantal Lauby
58%
Aïssa Maïga
57%
Audrey Tautou
57%
Mélanie Laurent
55%
Fanny Ardant
54%
Marie-Anne Chazel
53%
Isabelle Huppert
51%
Juliette Binoche
50%
Catherine Frot
49%
Nathalie Baye
49%
Karin Viard
48%
Adèle Haenel
47%
Laure Calamy
46%
Emmanuelle Béart
46%
Bérénice Bejo
46%
Mélanie Thierry
42%
Yolande Moreau
41%
Dominique Lavanant
40%
Élodie Bouchez
40%
Zabou Breitman
38%
Agnès Jaoui
38%
Annie Girardot
37%
Aucun quiz correspondant
Distribution des résultats
% des personnes avec chaque résultat
Percentile par nombre de réponses
Votre historique - résultats
Vous n’avez pas pris ce quiz